000 00696nam a2200241Ia 4500
003 OSt
005 20220923213450.0
006 a|||||r|||| 00| 0
007 ta
008 220922b |||||||| |||| 00| 0 hin d
024 _a162,212
037 _cTextual
040 _aARTS
_cARTS
_bhin
041 _2hin
_ahin
082 _aO152,2N05,SS, L0
100 _aवर्मा, राम कुमार
245 0 _aसारंग स्वर
246 _aSāranga svara
260 _c1970
650 _aहिन्दी साहित्य
_9156264
942 _hO152,2N05,SS, L0
_cTEXL
_2CC
999 _c316713
_d316713